Database Management Systems (Record no. 64822)
[ view plain ]
| 000 -LEADER | |
|---|---|
| fixed length control field | 00351nam a2200133 4500 |
| 008 - FIXED-LENGTH DATA ELEMENTS--GENERAL INFORMATION | |
| fixed length control field | 251216b |||||||| |||| 00| 0 eng d |
| 020 ## - INTERNATIONAL STANDARD BOOK NUMBER | |
| International Standard Book Number | 9780071072731 |
| 082 ## - DEWEY DECIMAL CLASSIFICATION NUMBER | |
| Classification number | 005.74 |
| 100 ## - MAIN ENTRY--PERSONAL NAME | |
| Personal name | Gupta, G K |
| 245 ## - TITLE STATEMENT | |
| Title | Database Management Systems |
| 260 ## - PUBLICATION, DISTRIBUTION, ETC. (IMPRINT) | |
| Place of publication, distribution, etc | New Delhi |
| Name of publisher, distributor, etc | Mc Graw Hill Education private Limited |
| Date of publication, distribution, etc | 2012 |
| 300 ## - PHYSICAL DESCRIPTION | |
| Extent | 780p. |
| 942 ## - ADDED ENTRY ELEMENTS (KOHA) | |
| Source of classification or shelving scheme | Dewey Decimal Classification |
| Item type | Books |
| Withdrawn status | Lost status | Source of classification or shelving scheme | Damaged status | Not for loan | Collection code | Home library | Current library | Shelving location | Date acquired | Source of acquisition | Cost, normal purchase price | Total Checkouts | Full call number | Barcode | Date last seen | Koha item type | Public note |
|---|---|---|---|---|---|---|---|---|---|---|---|---|---|---|---|---|---|
| Dewey Decimal Classification | Post Graduation | School of Computer Applications | School of Computer Applications | Bachelor of Computer Applications | 16/12/2025 | AO Enterprises | 2795.00 | 005.74 GUP | CA1411 | 16/12/2025 | Reference | Rack No.R12 Shelf No.12 | |||||
| Dewey Decimal Classification | Post Graduation | School of Computer Applications | School of Computer Applications | Bachelor of Computer Applications | 16/12/2025 | AO Enterprises | 2795.00 | 005.74 GUP | CA1412 | 16/12/2025 | Circulation | Rack No.C10 Shelf No.12 |
